000 00704nam a22001817a 4500
003 UA-OsUOA
001 15674
007 ta
008 20031202b un ||||| |||| 00| 0 ukr d
100 _aДавидчук Д.
942 _cSA
040 _aUA-OsUOA
_cUA-OsUOA
_dUA-OsUOA
245 _a"Правові засади журналістської діяльності": [У Рівному пройшов семінар в рамках Програми правового захисту та освіти ЗМІ IREX U - MEDIA]
300 _aС.2
955 _a0
773 0 _w0
_tВільне слово
_dРівне
_d2003
_g№95/28 листоп./
650 7 _aКраєзнавча робота
_2UDC
999 _c301839
_d301839